000 00343nam a2200121Ia 4500
008 210430s9999 xx 000 0 und d
082 _a839.4391 M236N
100 _adr. Malik Nadeem Shafique
245 _aNowadarat-e-Allama Iqbal
_cdr. Malik Nadeem Shafique
260 _aLahore.
_bFiction House.
_c2015
300 _a336p.
942 _cBK
_2ddc
999 _c565538
_d565538